200 Biggest Cities in Mexico - Statistics

General Stats
  • This quiz has been taken 997 times
  • The average score is 55 of 200
Answer Stats
Rank Population City % Correct
1 8,851,000 Mexico City
98%
2 2,013,000 Guadalajara
95%
5 1,304,000 Monterrey
92%
10 869,000 Tijuana
89%
6 1,059,000 Puebla
85%
16 653,000 Merida
80%
8 960,000 Juarez
77%
7 974,000 Leon
77%
15 679,000 Acapulco
74%
18 641,000 Chihuahua
73%
13 733,000 Mexicali
72%
32 399,000 Veracruz
71%
56 254,000 Oaxaca de Juarez
70%
166 99,000 San Luis de la Paz
67%
20 601,000 Aguascalientes
63%
25 538,000 Hermosillo
62%
22 567,000 Toluca
62%
28 472,000 Durango
58%
21 595,000 Morelia
57%
4 1,486,000 Ecatepec
56%
24 548,000 Queretaro
56%
14 724,000 Culiacan
55%
23 557,000 Torreon
55%
116 132,000 Zacatecas
54%
26 533,000 Saltillo
53%
64 211,000 Campeche
52%
35 380,000 Mazatlan
51%
45 317,000 Tampico
51%
69 196,000 La Paz
50%
89 161,000 La Paz
50%
112 136,000 Puerto Vallarta
50%
19 618,000 San Luis Potosi
50%
104 142,000 Colima
47%
44 333,000 Cuernavaca
47%
43 343,000 Reynosa
47%
46 315,000 Ensenada
46%
41 345,000 Xalapa
46%
11 857,000 Zapopan
46%
39 361,000 Matamoros
45%
151 106,000 Matamoros
45%
3 1,532,000 Nezahualcoyotl
45%
54 265,000 Nuevo Laredo
45%
50 284,000 Tepic
45%
40 352,000 Tuxtla Gutierrez
45%
102 145,000 Guanajuato
43%
117 132,000 Nogales
40%
9 912,000 Naucalpan
39%
96 150,000 San Juan del Rio
39%
139 115,000 Manzanillo
38%
17 648,000 Guadalupe
36%
161 102,000 Guadalupe
36%
30 414,000 Irapuato
36%
37 370,000 Celaya
34%
51 284,000 Coatzacoalcos
34%
76 177,000 Cordoba
34%
132 120,000 Piedras Negras
34%
130 121,000 San Pedro
34%
143 111,000 San Cristobal de las Casas
33%
12 734,000 Tlalnepantla
33%
85 165,000 Chilpancingo de los Bravo
32%
55 261,000 Uruapan
32%
71 193,000 Fresnillo
31%
137 115,000 Hidalgo
31%
31 401,000 Tlaquepaque
31%
95 152,000 Guaymas
29%
67 200,000 Tonala
29%
191 85,000 Tonala
29%
77 176,000 Zamora
29%
27 505,000 San Nicolas de los Garza
28%
106 140,000 Apodaca
27%
101 145,000 Cuautla
27%
53 268,000 Tapachula
27%
57 249,000 Victoria
27%
123 127,000 Delicias
26%
73 186,000 Tehuacan
26%
59 225,000 Minatitlan
25%
58 239,000 Salamanca
25%
42 345,000 Chalco
24%
108 138,000 Orizaba
24%
145 109,000 Sinaloa
24%
49 295,000 Chimalhuacan
23%
74 185,000 Coacalco
23%
47 301,000 Guasave
22%
84 166,000 Ixtapaluca
22%
136 115,000 Lerdo
22%
82 168,000 Metepec
22%
99 147,000 Navojoa
22%
114 135,000 San Luis Rio Colorado
22%
68 196,000 Santa Catarina
22%
183 87,000 Matehuala
21%
176 91,000 Tula de Allende
21%
94 154,000 Ciudad Valles
20%
199 81,000 Salina Cruz
20%
107 139,000 Silao
20%
81 171,000 Texcoco
20%
70 195,000 Ciudad Madero
19%
110 137,000 Cuauhtemoc
19%
33 385,000 Cuautitlan Izcalli
19%
133 120,000 General Escobedo
19%
126 124,000 Jiutepec
19%
63 212,000 Benito Juarez
18%
65 211,000 Cardenas
18%
175 91,000 Ciudad Guzman
18%
121 128,000 Dolores Hidalgo
18%
52 271,000 Gomez Palacio
18%
196 82,000 Juchitan de Zaragoza
18%
88 162,000 Lazaro Cardenas
18%
60 220,000 Nicolas Romero
18%
193 83,000 Patzcuaro
18%
103 142,000 Tuxpam
18%
93 157,000 Huixquilucan
17%
192 85,000 Lerma
17%
90 161,000 Soledad de Graciano Sanchez
17%
78 172,000 Boca del Rio
16%
86 165,000 Carmen
16%
79 172,000 Comalcalco
16%
92 160,000 Navolato
16%
83 168,000 Penjamo
16%
150 106,000 Rioverde
16%
134 119,000 Salvatierra
16%
159 104,000 San Francisco del Rincon
16%
162 102,000 Tecoman
16%
140 113,000 Tulancingo de Bravo
16%
38 370,000 Ahome
15%
128 123,000 Apatzingan
15%
34 384,000 Atizapan de Zaragoza
15%
122 127,000 Atlixco
15%
36 379,000 Cajeme
15%
29 443,000 Centro
15%
120 128,000 Macuspana
15%
188 85,000 Ocotlan
15%
146 108,000 Panuco
15%
138 115,000 Rio Bravo
15%
109 137,000 San Pedro Garza Garcia
15%
200 81,000 Sombrerete
15%
118 131,000 Zitacuaro
15%
111 137,000 Acambaro
14%
173 94,000 Cortazar
14%
171 94,000 Cosamaloapan
14%
100 147,000 Ocosingo
14%
72 190,000 Papantla
14%
75 184,000 Poza Rica de Hidalgo
14%
129 122,000 Tamazunchale
14%
148 107,000 Taxco de Alarcon
14%
169 95,000 Yuriria
14%
160 103,000 Zinacantepec
14%
179 90,000 Champoton
13%
177 90,000 Etchojoa
13%
142 113,000 Hidalgo del Parral
13%
186 86,000 Huatabampo
13%
187 85,000 Huauchinango
13%
153 105,000 Huejutla de Reyes
13%
87 164,000 Huimanguillo
13%
198 81,000 Muzquiz
13%
156 105,000 Tierra Blanca
13%
181 89,000 Abasolo
12%
197 81,000 Ixmiquilpan
12%
119 130,000 Lagos de Moreno
12%
149 106,000 Las Margaritas
12%
62 216,000 Monclava
12%
66 206,000 Othon P. Blanco
12%
115 134,000 San Juan Bautista Tuxtepec
12%
98 148,000 Tecamac
12%
48 296,000 Tultitlan
12%
91 161,000 Valle de Santiago
12%
180 90,000 Zumpango
12%
184 87,000 Acayucan
11%
165 101,000 Comitan de Dominguez
11%
105 141,000 El Mante
11%
170 94,000 Las Choapas
11%
124 126,000 Martinez de la Torre
11%
167 96,000 San Pedro Cholula
11%
125 125,000 Temapache
11%
178 90,000 Villaflores
11%
113 135,000 Allende
10%
185 86,000 Centla
10%
155 105,000 Chilapa de Alvarez
10%
61 218,000 Pachuca de Soto
10%
97 149,000 San Andres Tuxtla
10%
147 107,000 San Felipe
10%
80 171,000 San Felipe del Progreso
10%
127 123,000 Iguala de la Independencia
9%
182 88,000 Puruandiro
9%
135 115,000 San Martin Texmelucan
9%
154 105,000 Cunduacan
8%
158 104,000 Almoloya de Juarez
7%
174 91,000 Comondu
7%
164 101,000 La Piedad
7%
131 121,000 Santiago Ixcuintla
7%
168 96,000 Tihuatlan
7%
152 105,000 El Fuerte
6%
194 83,000 Salvador Alvarado
6%
157 104,000 Tantoyuca
6%
172 94,000 Tejupilco
6%
190 85,000 Temixco
6%
141 113,000 Tepatitlan de Morelos
6%
189 85,000 Tlajomulco de Zuyiga
6%
195 82,000 Chilon
5%
163 101,000 Altamira
4%
144 109,000 Ixtlahuaca
3%
No matching quizzes found
Score Distribution
Percent of People with Each Score
Percentile by Number Answered
Your Score History
You have not taken this quiz